000 00506nam a2200181Ia 4500
005 20250423100203.0
008 250422s9999 xx 000 0 und d
020 _a2869503377
050 _aDT 620.83 .O25 A3/
100 _aObiang Nguema Mbasogo, Teodoro
245 0 _aMi vida por mi pueblo
260 _aParis
260 _b Les Editions du Jaguar
260 _c2002
300 _a262 p
650 _aObiang Nguema Mbasogo, Teodoro. Equatorial Guinea--Politics and government--1979
942 _cBK
999 _c32545
_d32545